Welcome to the Holygrace Academy Library

Please use search bar below to get started

MICKYMOUSE - BIRDS OF A FEATHER (Record no. 7452)

MARC details
000 -LEADER
fixed length control field 00279nam a22001217a 4500
082 ## - DEWEY DECIMAL CLASSIFICATION NUMBER
Classification number 823
Item number UNK/MIC
100 ## - MAIN ENTRY--AUTHOR NAME
Personal name UNKNOWN
245 ## - TITLE STATEMENT
Title MICKYMOUSE - BIRDS OF A FEATHER
260 ## - PUBLICATION, DISTRIBUTION, ETC. (IMPRINT)
Place of publication BOMBAY
Name of publisher EGMONT PUBLICATIONS
Year of publication 1992
300 ## - PHYSICAL DESCRIPTION
Number of Pages 34
650 ## - SUBJECT ADDED ENTRY--TOPICAL TERM
Topical Term ENGLISH STORY
Geographic subdivision INDIA
942 ## - ADDED ENTRY ELEMENTS (KOHA)
Koha item type Books
Holdings
Withdrawn status Lost status Collection code Home library Current library Date acquired Source of acquisition Cost, normal purchase price Full call number Accession Number Koha item type
Withdrawn Damaged Item Fiction Main Library Main Library 13/03/2002 purchase 20.00 823 UNK/MIC 00545 Books